Směrnice pro zřizování a provoz bazénů s recirkulací vody

Korporativní autor: Československo. Ministerstvo zdravotnictví
Jazyk: Čeština
Vydáno: Praha : Avicenum, 1978
Vydání: 1. vydání
Edice: Hygienické předpisy
Témata:
Fyzický popis: 18 stran
Knihy
Uloženo v:
LEADER 01386nam a22004332i 4500
001 000291286
003 CZ BrMZK
005 20161221111703.0
007 ta
008 980105s1978 xr f cze d
015 |a cnb000393546 
040 |a ABA008  |b cze  |d ABE015  |d BOA001  |e rda 
072 7 |a 34  |x Právo  |2 Konspekt  |9 16 
080 9 |a 34 
080 |a 614 
080 |a 613 
080 |a 613.47 
245 0 0 |a Směrnice pro zřizování a provoz bazénů s recirkulací vody 
250 |a 1. vydání 
264 1 |a Praha :  |b Avicenum,  |c 1978 
300 |a 18 stran 
336 |a text  |b txt  |2 rdacontent 
337 |a bez média  |b n  |2 rdamedia 
338 |a svazek  |b nc  |2 rdacarrier 
490 1 |a Hygienické předpisy ;  |v sv. 41/1978, směrnice 48 
500 |a 10000 výt. 
504 |a Obsahuje bibliografii 
550 |a Vydavatel: Ministerstvo zdravotnictví ČSR 
650 0 7 |a právo, zákonodárství  |2 czenas 
650 0 7 |a hygiena prostředí  |2 czenas 
650 0 7 |a veřejná zařízení  |2 czenas 
650 0 7 |a plavecké bazény  |2 czenas 
655 7 |a směrnice  |7 fd133465  |2 czenas 
710 1 |a Československo.  |b Ministerstvo zdravotnictví  |7 nlk20040156125  |4 isb 
830 0 |a Hygienické předpisy  |0 s 
910 |a BOA001  |b X-0798.984 
990 |a BK 
991 |b 201612 
996 6 |b 2619860134  |c X-0798.984  |l MZK  |r Sklad / do 24 hodin  |n 6  |w 000291286  |u 000010  |a 1  |e BOA001  |j MZK50  |s P